RICS Machinery and Business Assets Faculty annual conference (Record no. 104641)

MARC details
000 -LEADER
fixed length control field 01052cam a2200253 4500
001 - CONTROL NUMBER
control field ##L131107
008 - FIXED-LENGTH DATA ELEMENTS--GENERAL INFORMATION
fixed length control field 050929n2005 000 0 eng u
035 ## - SYSTEM CONTROL NUMBER
System control number (Sirsi) u131107
041 0# - LANGUAGE CODE
Language code of text/sound track or separate title eng
050 04 - LIBRARY OF CONGRESS CALL NUMBER
Classification number 336.34 $2 18
110 2# - MAIN ENTRY--CORPORATE NAME
Corporate name or jurisdiction name as entry element Royal Institution of Chartered Surveyors
Subordinate unit Machinery and Business Assets Faculty
9 (RLIN) 4553
245 ## - TITLE STATEMENT
Title RICS Machinery and Business Assets Faculty annual conference
Remainder of title Coventry 24 June 2004
260 ## - PUBLICATION, DISTRIBUTION, ETC.
Place of publication, distribution, etc. London
Name of publisher, distributor, etc. RICS
Date of publication, distribution, etc. 2005
300 ## - PHYSICAL DESCRIPTION
Extent 1
Type of unit folder
Dimensions 30cm.
505 1# - FORMATTED CONTENTS NOTE
Formatted contents note Programme and attendance list -- Capital allowances: benefits and opportunities for surveyors -- Money laundering -- Valuing intangible assets and business valuations -- Speakers' biographies -- Overview of the economy -- Evaluation form
520 ## - SUMMARY, ETC.
Summary, etc. Delegate pack for the 2004 RICS Machinery and Business Assets Faculty conference.
651 #4 - SUBJECT ADDED ENTRY--GEOGRAPHIC NAME
Geographic name United Kingdom
Chronological subdivision
690 ## - LOCAL SUBJECT ADDED ENTRY--TOPICAL TERM (OCLC, RLIN)
Topical term or geographic name as entry element PROPERTY-BUSINESS ASSETS
700 1# - ADDED ENTRY--PERSONAL NAME
Personal name Oliver, Alun
700 1# - ADDED ENTRY--PERSONAL NAME
Personal name Hindley, Tony
700 1# - ADDED ENTRY--PERSONAL NAME
Personal name Brewer, Ian
700 1# - ADDED ENTRY--PERSONAL NAME
Personal name Berisford-Smith, Mark
942 ## - ADDED ENTRY ELEMENTS (KOHA)
Suppress in OPAC 0
Holdings
Withdrawn status Lost status Source of classification or shelving scheme Damaged status Not for loan Home library Current library Shelving location Date acquired Total Checkouts Full call number Barcode Date last seen Copy number Price effective from Koha item type
    Dewey Decimal Classification     London London RICS Boxes 29/09/2005   RICS 2004/39 30069974 06/08/2019 1 06/08/2019 Archive